01758nam a2200313Ia 4500001000700000008004100007082001700048111013500065245010600200260006300306300001100369500007500380503001600455650003600471650003400507700004900541711013700590901001700727902000600744905006300750942000600813999001900819952010100838952010100939952010101040952010101141952010101242952010101343Z_2909220601s9999 xx 000 0 und d a636.2142 S46 aSeminario Internacional del Centro de Ganadería del Colegio de Postgraduados. (septiembre 1990 : Montecillo, México.)9179934 aMejoramiento genético de bovinos lecheros : aspectos relevante / editor José Espinoza Velázquez aMéxico : Colegio de Postgraduados, Centro de Ganadería a146 p. aXI Aniversario del Centro de Ganadería, del Colegio de Postgraduados aej.1 - ej.6 a1. Ganado lechero - Genética  aGanado lechero - Mejoramiento aI. Espinoza Velázquez, José, ed.9179936 aI. Seminario Internacional del Colegio de Postgraduados. Centro de Ganadería (septiembre 1990 : Montecillo, México.) Ì9179937 a636.2142 S46 aM a1232271990 mx amn 8211313311spa16 c1 c216889d216889 00102ddc40708GRALaZbZc1d2005-11-09l0pz_3101r2022-06-02 00:00:00t1w2022-06-02yLIBRO 00102ddc40708GRALaZbZc1d2011-11-07l0pz_1929r2022-06-02 00:00:00t3w2022-06-02yLIBRO 00102ddc40708GRALaZbZc1d2011-11-07l0pz_1930r2022-06-02 00:00:00t4w2022-06-02yLIBRO 00102ddc40708GRALaZbZc1d2011-11-07l0pz_1931r2022-06-02 00:00:00t5w2022-06-02yLIBRO 00102ddc40708GRALaZbZc1d2012-02-01l0pz_2649r2022-06-02 00:00:00t6w2022-06-02yLIBRO 00102ddc40708GRALaZbZc1d2005-11-09l0pz_3099r2022-06-02 00:00:00t2w2022-06-02yLIBRO